| 000 | 00518nam a2200217Ia 4500 | ||
|---|---|---|---|
| 005 | 20250425162030.0 | ||
| 008 | 250425s9999 xx 000 0 und d | ||
| 020 | _a9684222882 | ||
| 041 | _aspa | ||
| 082 | _a657.450 285 | ||
| 100 | _aECHENIQUE GARCIA, JOSE ANTONIO | ||
| 245 | 0 | _aAUDITORIA EN INFORMATICA | |
| 250 | _a1A ED. | ||
| 260 | _aMEXICO | ||
| 260 |
_aMéxico _bMCGRAW-HILL _c1990 |
||
| 300 | _a204 | ||
| 650 | _aAUDITORIA | ||
| 650 | _aSISTEMAS DE INFORMACION | ||
| 942 | _c01 | ||
| 010 | _a41352 | ||
| 999 |
_c220978 _d220978 |
||